[Event "2022 Vancouver Open (U1700 Reserve)"]
[Site "Vancouver, WA"]
[Date "2022.07.23"]
[Round "3"]
[White "McDevitt, Owen"]
[Black "Stephenson, Phil"]
[Result "0-1"]
[WhiteElo "1373"]
[BlackElo "1302"]
[Annotator "Phil Stephenson"]
[PlyCount "120"]
[EventDate "2022.07.23"]
[EventType "swiss"]
[EventRounds "5"]
[EventCountry "USA"]

{[%evp 0,120,19,31,14,30,23,12,32,-3,-7,-13,15,8,0,-2,0,-25,1,-31,-26,-19,-12,
-11,-11,-23,-22,-5,41,28,50,24,51,29,35,25,39,-38,-29,-29,-37,-23,-23,-46,-37,
-51,-58,-58,-52,-134,-116,-121,-148,-329,-119,-241,-171,-173,-178,-193,-173,
-173,-116,-173,-122,-107,-18,-81,0,-30,-57,-80,-57,-55,-68,-103,98,125,102,94,
107,21,163,60,157,88,88,75,74,-5,8,8,8,0,0,0,0,0,172,-130,-130,-189,-221,-499,
-573,-569,-633,-633,-939,-1030,-1073,-1991,-2237,-2245,-28158,-29975,-29976,
-29977,-29978,-29979,-29982,-29983,-29984]} 1. d4 Nf6 2. Nf3 d5 3. e3 c5 4. b3
Nc6 5. Bb2 Bf5 {I'm not very familiar with this opening for White. I just try
to play natural moves and develop my pieces here.} 6. Bd3 Bxd3 7. Qxd3 e6 8. a3
{I guess he was worried about Nb4 but I'm not sure I would have played it
either way.} Bd6 9. Nbd2 cxd4 {I was a little worried here white might play e4
next move so I play this to clarify white's plan.} 10. exd4 O-O 11. O-O Rc8 12.
Ne5 Qc7 13. f4 Bxe5 14. fxe5 {This move at least shuts down black's b2 bishop.}
(14. dxe5 Nd7 15. c4 {This also looks nice for white.}) 14... Nd7 15. Rf3 Ne7
16. c3 {White doesn't want to close c2 but he's still not doing his bishop any
favors.} Qb6 {Threatening Nxe5 and eyes b3} 17. Kh1 Ng6 18. Raf1 (18. Rh3 f5
19. exf6 Rxf6 20. c4) 18... Ndxe5 {Thought for a while before making this move.
I was happy to win the material, but I worried that opening the center might
give his bishop better scope after white eventually plays c4. Still I thought
this was my best plan and it gives me good control over the center with my e
and d pawns.} 19. dxe5 Nxe5 20. Qe2 Nxf3 21. Rxf3 f6 {I'm anticipating c4 next
move so I'm quick to try to move my pawn chain up and restrict the bishop.} 22.
Rg3 e5 23. Qg4 Rc7 24. h4 {Really lashing out at me here, but white is
starting to leave some holes in his own position now.} Qf2 25. Rd3 f5 (25... e4
26. Rxd5 e3 27. Nc4 e2 $19 {Should have really given this more consideration})
26. Qd1 Rd7 {Again I should have considered e4. I think I was just afraid of
the board opening up and missing some tactic.} 27. c4 d4 28. Qf1 Qxh4+ {
I knew this was a little risky after Rh3, but with two extra pawns and my
connected passers e and d I felt I should win here.} 29. Rh3 Qg4 {Probably Qg5
or Qf6 was safer. I ended up in a bit of trouble here getting my queen kicked
around.} 30. Nf3 Qf4 31. Bc1 Qe4 32. Ng5 Qc6 33. Nxh7 {Better this pawn than
e5 I figured.} Rff7 34. Qe1 Qe4 $1 {Prevents Qh4 and with tempo. White cannot
afford to trade the queens being a pawn down and with my passers coming down
quickly.} 35. Qd1 Qg4 36. Qe1 Qe4 {I was getting low on time and needed to
make the 40th move time control.} 37. Qd1 f4 38. Ng5 (38. Qh5 Qf5) 38... Qg6
39. Nxf7 Rxf7 40. Qe1 Qf6 41. Qe2 g5 42. a4 Rh7 43. Rxh7 Kxh7 44. Qh5+ Qh6 45.
Qxh6+ Kxh6 46. g4 e4 47. Kg2 Kg6 48. b4 Kf6 49. c5 Ke6 50. Kf2 Kd5 51. Bxf4 {
If white does nothing I'll just leave my pawns where they are, keeping the
white king out and pick up the queenside pawns with my own king.} gxf4 52. g5
d3 53. g6 Ke6 54. b5 {Thought I was completely lost here and nearly resigned.
Decided to just play a few more moves to see what happened.} e3+ 55. Ke1 f3 56.
g7 d2+ 57. Kd1 Kf7 58. g8=Q+ Kxg8 59. c6 bxc6 60. bxc6 f2 {And white can't
prevent black from queening.} 0-1